Maritime societies, fisheries law and institutions in the Western Mediterranean : A summary of collective rights and decentralized systems of professional discipline
Gespeichert in:
| 1. Verfasser: | |
|---|---|
| Format: | Buch |
| Sprache: | Undetermined |
| Veröffentlicht: |
Rome, Italy
FAO
2004
|
| Schlagworte: | |
| Tags: |
Tag hinzufügen
Keine Tags, Fügen Sie den ersten Tag hinzu!
|
| Thư viện lưu trữ: | Trung tâm Học liệu Trường Đại học Cần Thơ |
|---|
| LEADER | 00637nam a2200193Ia 4500 | ||
|---|---|---|---|
| 001 | CTU_69531 | ||
| 008 | 210402s9999 xx 000 0 und d | ||
| 082 | |a 341.5622 | ||
| 082 | |b F345 | ||
| 100 | |a Féral, F. | ||
| 245 | 0 | |a Maritime societies, fisheries law and institutions in the Western Mediterranean : | |
| 245 | 2 | |b A summary of collective rights and decentralized systems of professional discipline | |
| 245 | 0 | |c F. Féral | |
| 260 | |a Rome, Italy | ||
| 260 | |b FAO | ||
| 260 | |c 2004 | ||
| 650 | |a Maritime law,Fishery law and legislation | ||
| 904 | |i Minh, Năm | ||
| 980 | |a Trung tâm Học liệu Trường Đại học Cần Thơ | ||